[Event "?"]
[Site "Berliner Sommer"]
[Date "1995.??.??"]
[Round "?"]
[White "Heins, Thomas"]
[Black "Virnik, Elena"]
[Result "0-1"]
[WhiteElo "1660"]
[BlackElo "1900"]

1.e4 c5 2.Nf3 d6 3.d4 cxd4 4.Nxd4 Nf6 5.Nc3 a6 6.Be2 e6 7.Be3 Qc7 8.O-O b5
9.a3 Bb7 10.f3 Be7 11.Qd2 Nbd7 12.g4 Ne5 13.Rae1 O-O 14.g5 Nfd7 15.f4 Nc4
16.Bxc4 Qxc4 17.f5 e5 18.b3 Qc7 19.f6 exd4 20.fxe7 Rfe8 21.Bxd4 Rxe7
22.Rf4 d5 23.Rh4 Rae8 24.Qd1 dxe4 25.Qh5 Nf8 26.Re3 Qd6 27.Ne2 Qg6
28.Nf4 Qxh5 29.Nxh5 Ne6 30.Nf6+ gxf6 31.gxf6 Rd7 32.Rg3+ Kh8 33.Rgh3 Ng5 0-1

[Event "?"]
[Site "Berliner Sommer"]
[Date "1995.??.??"]
[Round "?"]
[White "Ahlberg, Guenther"]
[Black "Wuensche, Peter"]
[Result "1-0"]
[WhiteElo "2240"]
[BlackElo "1950"]

1.e4 a6 2.d4 b5 3.a4 b4 4.c3 e6 5.Be2 Bb7 6.Bf3 c5 7.Be3 cxd4 8.cxd4 Nf6
9.Bg5 Qc7 10.Bxf6 gxf6 11.Nd2 Nc6 12.Rc1 Qb6 13.Nb3 d6 14.Ne2 Bh6
15.Rc2 Ke7 16.O-O Rac8 17.Ng3 Rhg8 18.Be2 Na5 19.Rxc8 Rxc8 20.d5 Nxb3
21.Qxb3 Bf4 22.Bg4 f5 23.Bf3 fxe4 24.Bxe4 Qd4 25.Qd3 Qxb2 26.dxe6 d5
27.Bxh7 fxe6 28.Ne2 Bd6 29.Qe3 Qe5 30.Qxe5 Bxe5 31.f4 Bf6 32.g4 Rc2
33.Bxc2 1-0

[Event "?"]
[Site "Berliner Sommer"]
[Date "1995.??.??"]
[Round "?"]
[White "Bunzmann, Dimitrij"]
[Black "Beisswanger, Wolf"]
[Result "1-0"]
[WhiteElo "2185"]
[BlackElo "1850"]

1.c4 f5 2.g3 e6 3.Bg2 c6 4.b3 d5 5.Bb2 Nf6 6.Nf3 Be7 7.O-O O-O 8.Qc2 Bd7
9.d3 Be8 10.Nbd2 Bh5 11.e4 fxe4 12.dxe4 Nxe4 13.Nxe4 Bxf3 14.Qc3 d4
15.Qxd4 Qxd4 16.Bxd4 Bxg2 17.Kxg2 Nd7 18.Rad1 Nf6 19.Bxf6 Bxf6 20.Nc5 b6
21.Nxe6 Rf7 22.Nf4 Re8 23.Rfe1 Rfe7 24.Rxe7 Rxe7 25.Rd6 Rc7 26.Ne6 Rc8
27.Rd7 Re8 28.Nf4 Re7 29.Rxe7 Bxe7 30.Kf3 b5 31.cxb5 cxb5 32.Ke4 Kf7
33.Nd5 Bc5 34.f3 Bg1 35.h3 Bh2 36.g4 Ke6 37.Nc3 a6 38.f4 Bg1 39.Ne2 Bc5
40.Nd4+ Kf7 41.Kd5 Ba7 42.Nf3 Be3 43.Ng5+ Kg6 44.Ke5 h6 45.Ne6 Bb6
46.Kd6 b4 47.Ke7 Kh7 48.Kf7 Be3 49.f5 Bf2 50.Nxg7 1-0

[Event "?"]
[Site "Berliner Sommer"]
[Date "1995.??.??"]
[Round "?"]
[White "Ribic, Kasmir"]
[Black "Neumann, Martin"]
[Result "1-0"]
[WhiteElo "2335"]
[BlackElo "1895"]

1.d4 d5 2.Nf3 Bg4 3.Ne5 Bh5 4.c4 e6 5.cxd5 exd5 6.Qb3 Nc6 7.Qxb7 Bb4+
8.Nc3 Bxc3+ 9.bxc3 Nxe5 10.dxe5 Ne7 11.h3 O-O 12.g4 Bg6 13.Qb4 d4
14.Bg2 c6 15.Qc5 dxc3 16.Qxc3 Nd5 17.Qd4 Rb8 18.O-O Rb4 19.Qc5 Rb6
20.e4 Nb4 21.Ba3 Rb5 22.Qc3 a5 23.f4 h5 24.Rad1 Qb6+ 25.Qd4 c5 26.Qf2 Nc6
27.Rd6 Rb8 28.Rfd1 Rb1 29.Bxc5 Rxd1+ 30.Rxd1 Qb5 31.Bd6 Qa4 32.Rc1 Rc8
33.f5 Bh7 34.Qb6 Kh8 35.Qb7 Rg8 36.Qxc6 Qxa2 37.Qc2 Qxc2 38.Rxc2 hxg4
39.hxg4 g6 40.Be7 Rb8 41.e6 fxe6 42.Bf6+ Kg8 43.fxe6 1-0

[Event "?"]
[Site "Berliner Sommer"]
[Date "1995.??.??"]
[Round "?"]
[White "Malisauskas, Vidmantas"]
[Black "Eismont, Oleg"]
[Result "1-0"]
[WhiteElo "2510"]
[BlackElo "2450"]

1.e4 e5 2.Nf3 Nc6 3.Bb5 a6 4.Bxc6 dxc6 5.O-O Qd6 6.Na3 Be6 7.Qe2 f6
8.Rd1 c5 9.c3 Rd8 10.d4 Qd7 11.Be3 exd4 12.cxd4 cxd4 13.Rxd4 Qf7
14.Rxd8+ Kxd8 15.Rd1+ Kc8 16.Qd3 Qd7 17.Qc2 Qc6 18.Qb1 Bxa3 19.bxa3 Qb5
20.Qc1 Qc4 21.Qd2 Ne7 22.Nd4 Nc6 23.Rc1 Qxa2 24.Nxc6 Qxd2 25.Ne7+ Kd7
26.Bxd2 Kxe7 27.Rxc7+ Bd7 28.Bb4+ Kd8 29.Rxb7 Re8 30.f3 Re6 31.g4 g6
32.Kf2 h5 33.gxh5 gxh5 34.Kg3 f5 35.exf5 Rf6 36.Ra7 Ke8 37.Ra8+ Kf7
38.Rf8+ Kg7 39.Rd8 Rf7 40.Bc3+ Kh6 41.f6 Kg5 42.Rg8+ Kf5 43.Rh8 Kg5
44.h4+ Kg6 45.Kf4 Bc6 46.Rg8+ Kh6 47.Ke5 Bb5 48.Rh8+ 1-0

[Event "?"]
[Site "Berliner Sommer"]
[Date "1995.??.??"]
[Round "?"]
[White "Dranov, Aleksandar"]
[Black "Lerner, Konstantin Z"]
[Result "0-1"]
[WhiteElo "2360"]
[BlackElo "2605"]

1.e4 c5 2.Nf3 d6 3.d4 cxd4 4.Nxd4 Nf6 5.Nc3 Nc6 6.Be3 Ng4 7.Bg5 h6
8.Bh4 Bd7 9.Nf5 Nf6 10.Bxf6 gxf6 11.Bc4 h5 12.Qd2 Qa5 13.Bd5 Rd8
14.O-O-O e6 15.Bxc6 Bxc6 16.Nd4 Bd7 17.f4 Rb8 18.Kb1 b5 19.Rhf1 b4
20.Nce2 Qc7 21.Nf3 Bc6 22.Qd4 Be7 23.f5 e5 24.Qe3 Bf8 25.Nd2 Bb5
26.Rfe1 Bh6 27.Qf3 Ke7 28.Nf1 Rhc8 29.Ne3 Bxe3 30.Qxe3 Qxc2+ 31.Ka1 Qc5
32.Qf3 Bc4 33.Qxh5 Bxa2 34.Kxa2 b3+ 35.Kb1 Qc2+ 36.Ka1 Rb6 0-1

[Event "?"]
[Site "Berliner Sommer"]
[Date "1995.??.??"]
[Round "?"]
[White "Dvoirys, Semen I"]
[Black "Baginskaite, Kamile"]
[Result "1-0"]
[WhiteElo "2580"]
[BlackElo "2240"]

1.e4 c5 2.Nf3 d6 3.d4 cxd4 4.Nxd4 Nf6 5.Nc3 a6 6.f4 e5 7.Nf3 Nbd7 8.a4 Be7
9.Bd3 O-O 10.O-O Nc5 11.Kh1 exf4 12.Bxf4 Bg4 13.Qd2 Rc8 14.Be3 Bh5
15.Nd4 Ng4 16.Bf4 Ne6 17.Nf5 Nxf4 18.Qxf4 Nf6 19.e5 dxe5 20.Qxe5 Re8
21.Nd5 Bc5 22.Qg3 Bg6 23.Nh6+ Kf8 24.Nxf6 gxf6 25.Rad1 Qb6 26.Qh4 Be7
27.Bxg6 fxg6 28.Ng4 Kg7 29.Nxf6 Qxf6 30.Rxf6 Rcd8 31.Rdf1 Rd6 32.Rf7+ 1-0

[Event "?"]
[Site "Berliner Sommer"]
[Date "1995.??.??"]
[Round "?"]
[White "Kuporosov, Viktor"]
[Black "Pribyl, Josef"]
[Result "1-0"]
[WhiteElo "2495"]
[BlackElo "2405"]

1.e4 d6 2.d4 Nf6 3.Bd3 e5 4.c3 Nc6 5.Nf3 Bg4 6.d5 Nb8 7.h3 Bh5 8.c4 Nbd7
9.Nc3 Nc5 10.Bc2 Bg6 11.Qe2 a5 12.Bd2 Be7 13.O-O O-O 14.Rae1 c6 15.b3 Qb6
16.Nh4 Nh5 17.Nf5 Bf6 18.Kh2 Rad8 19.Qf3 Qc7 20.g3 Rd7 21.h4 Bd8
22.g4 Nf4 23.Bxf4 exf4 24.g5 f6 25.Qxf4 fxg5 26.hxg5 Rdf7 27.f3 cxd5
28.Nxd5 Qd7 29.Qe3 Qe6 30.f4 b5 31.Ng3 Qg4 32.cxb5 Ne6 (32...Bxg5
33.fxg5 Rf3 34.Ne7+ Kh8 35.Rxf3 Rxf3 36.Qxf3! Qxf3 37.Rf1) 33.Nf5 h6
34.Bd1 Bxf5 35.Bxg4 Bxg4 36.g6 Rb7 37.b6 Bh4 38.Rc1 Re8 39.Nc7 Nxc7
40.bxc7 Rc8 41.Qd4 1-0

[Event "?"]
[Site "Berliner Sommer"]
[Date "1995.??.??"]
[Round "?"]
[White "Zagorskis, Darius"]
[Black "Gretarsson, Helgi Ass"]
[Result "1-0"]
[WhiteElo "2520"]
[BlackElo "2440"]

1.d4 d5 2.c4 c6 3.Nf3 Nf6 4.e3 g6 5.Nc3 Bg7 6.Be2 O-O 7.O-O Be6 8.b3 Ne4
9.Bb2 Nxc3 10.Bxc3 h6 11.Rc1 Nd7 12.cxd5 Bxd5 13.Qc2 Bxf3 14.Bxf3 Rc8
15.Rfd1 e6 16.h3 Qc7 17.Qb1 Rfd8 18.Be1 Qb6 19.Be2 a6 20.Bc4 Nf6
21.b4 Nd5 22.Qb3 Rd7 23.a4 Kh7 24.Rb1 Bf8 25.Rdc1 Rcd8 26.Be2 Ra8
27.Rc2 Be7 28.Ra2 Rdd8 29.Bc4 Qc7 30.b5 axb5 31.axb5 cxb5 32.Qxb5 Nc3
33.Bxc3 Rxa2 34.Bxa2 Qxc3 35.Qxb7 Qa3 36.Bc4 Kg8 37.g3 Bd6 38.Qe4 Re8
39.Rb6 Qc1+ 40.Kg2 Qxc4 41.Rxd6 Rb8 42.Rc6 Qb5 43.Rc7 Qf5 44.Qxf5 gxf5
45.g4 fxg4 46.hxg4 Rb2 47.Kg3 Kg7 48.f3 Rd2 49.Kf4 Kf6 50.Rc5 Rd3
51.Ke4 Ra3 52.f4 Ra1 53.Rh5 Kg7 54.f5 Ra6 55.Rh1 Rd6 56.Kf4 Rb6
57.Rh2 Ra6 58.e4 exf5 59.gxf5 f6 60.Rg2+ Kf7 61.Rd2 Ra4 62.Ke3 Ke7
63.e5 fxe5 64.dxe5 h5 65.Rg2 h4 66.Rg7+ Kf8 67.f6 Ra1 68.Ke4 h3
69.Rh7 Rh1 70.Kf5 Kg8 71.Rh4 Kf8 72.e6 Kg8 73.f7+ Kg7 74.Rg4+ 1-0

[Event "?"]
[Site "Berliner Sommer"]
[Date "1995.??.??"]
[Round "?"]
[White "Burmakin, Vladimir"]
[Black "Thallinger, Harald"]
[Result "1/2-1/2"]
[WhiteElo "2500"]
[BlackElo "2280"]

1.d4 d5 2.Nf3 c6 3.c4 e6 4.e3 f5 5.Be2 Nf6 6.O-O Bd6 7.Ne5 O-O 8.f4 Qe7
9.Nc3 Nbd7 10.c5 Bc7 11.b4 Nxe5 12.fxe5 Ne4 13.Nxe4 fxe4 14.Rxf8+ Kxf8
15.b5 Bd7 16.Qa4 Qe8 17.Qb4 Kg8 18.a4 b6 19.cxb6 axb6 20.Ba3 cxb5
21.axb5 h6 22.Rf1 Qg6 23.Qe7 Qe8 24.Qxe8+ Rxe8 25.Bh5 Ra8 26.Rf7 Bxb5
27.Rxc7 Rxa3 28.Bg6 Kf8 29.Rf7+ Kg8 30.Rb7 Kf8 31.Rxb6 Bd7 32.Kf2 Rc3
33.Rb8+ Rc8 34.Rxc8+ Bxc8 35.Ke2 Ke7 36.Kd2 Bd7 37.Kc3 Ba4 38.Bh5 Bb5
39.Kb4 Bd7 40.Be2 Be8 41.Ka5 g6 42.Bd1 Bf7 43.g3 Be8 44.Ba4 Bf7
45.Bb5 Bg8 46.Kb4 Bf7 47.g4 g5 1/2-1/2

[Event "?"]
[Site "Berliner Sommer"]
[Date "1995.??.??"]
[Round "?"]
[White "Kacheishvili, Giorgi"]
[Black "Eingorn, Vereslav S"]
[Result "1/2-1/2"]
[WhiteElo "2450"]
[BlackElo "2600"]

1.d4 e6 2.c4 Bb4+ 3.Nc3 c5 4.a3 Bxc3+ 5.bxc3 d6 6.e4 Nc6 7.d5 Na5 8.Bd3 e5
9.f4 f6 10.Qh5+ Kf8 11.fxe5 dxe5 12.Ra2 Qe8 13.Qd1 Ne7 14.Rf2 Kg8
15.Ne2 h5 16.O-O h4 17.Kh1 Bd7 18.Ng1 Rd8 19.Be3 b6 20.Nf3 Nb7 21.Nd2 Qg6
22.h3 Nd6 23.Qc2 Qe8 24.Ra1 Ba4 25.Qb1 Ng6 26.Be2 Nf8 27.Bg4 Bd7
28.Bd1 Ba4 29.Bg4 Qg6 30.Rf1 Re8 31.Qd3 Bd7 32.Bf3 Ba4 33.Bg4 Re7
34.Bf2 Qe8 35.Rfb1 Bd7 36.Qe2 Bxg4 37.Qxg4 Qd7 38.Qxd7 Nxd7 39.a4 a5
40.Kg1 Kf7 41.Kf1 Ke8 42.Ke2 Kd8 43.Rb2 Kc7 44.Rab1 Ree8 45.Kd3 Rh6
46.Nf3 f5 47.Ng5 fxe4+ 48.Nxe4 Nxe4 49.Kxe4 Rf8 50.Bg1 Rf4+ 51.Kd3 Rg6
52.Bh2 Rf5 53.Re1 Rfg5 54.Ree2 Kd6 55.Rf2 Rf6 56.Ke3 Ke7 57.Rbe2 Nf8
58.Rf3 Nd7 59.Kf2 Kd6 60.Kf1 Rxf3+ 61.gxf3 Rf5 62.Kf2 g5 63.Ke3 Nf6
64.Rg2 Kc7 65.Re2 Kd7 66.Rb2 Kc7 67.Re2 Kd7 68.Rb2 Kc7 69.Re2 1/2-1/2

[Event "?"]
[Site "Berliner Sommer [Christoph Weiten"]
[Date "1995.??.??"]
[Round "?"]
[White "Heyne, Klaus"]
[Black "Borkowski, Gerhard"]
[Result "0-1"]
[WhiteElo "1730"]
[BlackElo "1995"]

1.c4 c5 2.Nc3 Nc6 {die Plagiatvariante in der Englischen Partie!} 3.g3 Nf6
{...wurde soeben verlassen,} 4.Bg2 g6 5.Nf3 Bg7 {- und wieder erreicht.}
6.O-O O-O 7.b3 e6 {Meine expansiven Absichten am Damenfluegel ignorierend,
fummelt der Gegner am Mittelfluegel herum!} 8.e4 {mit diesem Konter hatte er
nicht gerechnet!} 8...Nxe4 {Woher hat er diese Zugfolge? Fehlt mir etwa der
letzte Informator?} 9.Bb2 Nf6 { Mein freieres Spiel ist jetzt deutlich zu
bemerken.} 10.Rb1 {Die Vorbereitung eines trickreichen
Taeuschungsmanoevers.} 10...d5 11.cxd5 exd5 12.d4 Bf5
13.Ra1 {Ende der mit dem 10.Zug eingeleiteten Kombination, der Turm ist auf
das staerkste Feld zurueckgekehrt!} 13...cxd4 14.Nxd4 Nxd4
15.Qxd4 {Schwarz kann die Katastrophe auf der langen Diagonale nicht mehr
abwehren!} 15...Ne4 16.Qb4 {Ich verzichtete auf die Zugfolge}
(16.Qxg7+ Kxg7 {Einziger Zug!} 17.Nxe4+ Kg8 18.Nf6+ Kh8 19.Ng4+ Kg8
20.Nh6# {weil ich die Teufelei}) (16. Qxg7+ Kxg7 17.Nxe4+ d4 18.Bxd4+ Kg8
19.Nf6+ Qxf6!! {erkannte.}) 16...a5 17.Qxb7 {Damit hatte er nicht
gerechnet!!} 17...Nxc3 18.Bxc3 Bxc3 19.Qxd5 {Wieder gewinne ich einen Bauern,
der Gegner war schockiert!} 19...Qxd5 {- und stellt prompt die Dame ein.}
20.Bxd5 Bxa1 {Diese Gemeinheit hatte ich uebersehen.}
21.Bxa8 {Wie Du mir, so ich Dir!} 21...Bc3 22.Bd5 {Kann ein Laeufer besser
postiert werden ?!?} 22...Re8 23.a4 {Seinen Randbauern kann er vergessen, der
hat ein lebenslaegliches Stop bekommen!} 23...Bh3
24.Rc1 {Abzug mit toedlichem Angriff!} 24...Re1+ {Was fuer ein Ignorant er
doch ist!} 25.Rxe1 Bxe1 { Trotz einiger kaum merklicher Ungenauigkeiten in
meinem Spiel ist eine klare Remisstellung erreicht - ungleiche Laeufer! Ich
streckte meine Hand aus -} 26.Bg2 Be6 {- die mein inkompetenter Gegner
ignorierte.} 27.Bc6 {Vorsorgliches Decken des a-Bauern ist angesagt.}
27...Bxb3 28.Bb5 f6 29.Kf1 Bb4 {Die Falle Kxe1 hatte er doch tatsaechlich
bemerkt!} 30.h4 Kf7 31.Kg2 {Hier steht der Koenig auf der Farbe meines
Laeufers!} 31...Ke7 32.Kf1 {Hier auch!} 32...Kd6
33.Kg1 {Voll auf Angriff wollte ich nicht spielen - besser war es, den Gegner
zu locken.} 33...Bd5 34.Kf1 Bc6 35.Bxc6 Kxc6 {Er hat den falschen Laeufer,
mein Bauer steht auf weiss ganz sicher!} 36.g4 Kc5
37.h5 {Diese Bauern haelt keiner mehr auf!} 37...Bc3 38.Ke2 Kb4
39.Kd3 Be5 {Ich hatte gedacht er schlaegt den a-Bauern.} 40.hxg6 hxg6
41.f3 Kxa4 {Wird es vielleicht doch noch etwas eng fuer mich?} 42.Kc2 Kb4
43.Kb1 {Was nuetzt dem Gegner das richtige Eckfeld, wenn gleich daneben zwei
falsche Felder sind!} 43...Kb3 {Hier erkannte ich, dass ich mit dem
vorherigen Zug nicht das beste gefunden hatte.Leider musste ich in klarer
Remisstelung aufgeben, um die Strassenbahn noch zu kriegen.} 0-1

[Event "?"]
[Site "Berliner Sommer"]
[Date "1995.??.??"]
[Round "?"]
[White "Kharitonov, Andrei Y"]
[Black "Kalinichev, Sergey L"]
[Result "1/2-1/2"]
[WhiteElo "2550"]
[BlackElo "2470"]

1.d4 d5 2.c4 c6 3.Nf3 Nf6 4.e3 Bf5 5.Bd3 Bxd3 6.Qxd3 e6 7.O-O Nbd7
8.Nc3 Be7 9.e4 dxe4 10.Nxe4 Nxe4 11.Qxe4 O-O 12.Bd2 Re8 13.Bc3 Qc7
14.Qe2 Bf6 1/2-1/2

[Event "?"]
[Site "Berliner Sommer"]
[Date "1995.??.??"]
[Round "?"]
[White "Nikolenko, Oleg"]
[Black "Dydyshko, Viacheslav"]
[Result "1/2-1/2"]
[WhiteElo "2475"]
[BlackElo "2545"]

1.e4 c5 2.Nf3 d6 3.d4 cxd4 4.Nxd4 Nf6 5.Nc3 a6 6.Be3 e6 7.g4 h6 8.Bg2 Nc6
9.h3 Ne5 10.Qe2 g5 11.O-O-O Qc7 12.f4 gxf4 13.Bxf4 Bd7 14.Rhf1 1/2-1/2

[Event "?"]
[Site "Berliner Sommer"]
[Date "1995.??.??"]
[Round "?"]
[White "Sale, Srdjan"]
[Black "Kiselev, Sergey"]
[Result "1/2-1/2"]
[WhiteElo "2445"]
[BlackElo "2505"]

1.e4 c5 2.Nc3 Nc6 3.g3 g6 4.Bg2 Bg7 5.d3 e6 6.f4 d6 7.Nf3 Nge7 8.O-O O-O
9.Be3 Rb8 10.Bf2 Nd4 11.Rb1 e5 12.Nxd4 cxd4 13.Ne2 b6 14.c3 dxc3
15.bxc3 exf4 16.gxf4 d5 17.Nd4 dxe4 18.dxe4 Ba6 19.Re1 Qc7 1/2-1/2

[Event "?"]
[Site "Berliner Sommer"]
[Date "1995.??.??"]
[Round "?"]
[White "Lagunov, Alexander"]
[Black "Rechlis, Gad"]
[Result "1/2-1/2"]
[WhiteElo "2395"]
[BlackElo "2490"]

1.c4 Nf6 2.Nf3 e6 3.g3 b6 4.Bg2 Bb7 5.O-O Be7 6.d4 O-O 7.d5 exd5 8.Nh4 c6
9.cxd5 Nxd5 10.Nf5 Nc7 11.Nc3 d5 12.e4 Bf6 13.Bf4 Bc8 14.g4 Nba6
15.exd5 Bxc3 16.bxc3 Bxf5 17.gxf5 Nxd5 18.Bg3 Qf6 19.c4 Ne7 20.Qd6 Nxf5
21.Qxf6 gxf6 22.Bxc6 Rad8 23.Rfd1 Nc5 24.Bd5 Nxg3 25.hxg3 Kg7 26.Kg2 Rfe8
27.Rd4 f5 28.Rf4 Re5 29.Rh1 Rd6 30.Rh5 Rf6 31.Rg5+ Kf8 32.Rh5 h6
33.Rf3 Kg7 34.g4 fxg4 35.Rxf6 Kxf6 36.Rxh6+ Kg7 37.Rc6 Re7 38.Kg3 Nd3
39.Rd6 f5 40.Be6 Ne5 41.Bxf5 Nxc4 42.Rg6+ Kf7 43.Rxg4 Nd6 44.Bc2 Re2
45.Bb3+ Kf6 46.Kf3 Rb2 47.Rd4 Ke7 48.Rd5 a5 49.Ke3 b5 50.Rd2 Rb1
51.Rd1 1/2-1/2

[Event "?"]
[Site "Berliner Sommer"]
[Date "1995.??.??"]
[Round "?"]
[White "Ionov, Sergey"]
[Black "Zontakh, Andrey"]
[Result "1-0"]
[WhiteElo "2525"]
[BlackElo "2460"]

1.d4 d5 2.c4 c6 3.Nf3 e6 4.e3 f5 5.Be2 Bd6 6.O-O Nf6 7.b3 Qe7 8.Bb2 O-O
9.Qc1 Bd7 10.Ba3 Bxa3 11.Qxa3 Qxa3 12.Nxa3 Be8 13.Ng5 Bf7 14.Rfc1 h6
15.Nxf7 Rxf7 16.b4 a6 17.Nc2 Nbd7 18.a4 dxc4 19.Bxc4 Nd5 20.Ne1 Re8
21.Nd3 e5 22.b5 axb5 23.axb5 exd4 24.exd4 N7b6 25.Bb3 Rf6 26.bxc6 bxc6
27.Ne5 Kh7 28.g3 Ne7 29.Ra7 Nbd5 30.Rb7 f4 31.Bc2+ Kg8 32.Be4 fxg3
33.hxg3 Rd8 34.Ra1 Nc8 35.Ra8 Nc3 36.Bd3 Rff8 37.Bc4+ Kh7 38.Bd3+ Kg8
39.Nxc6 Nd6 40.Rxd8 Nxb7 41.Bc4+ 1-0

[Event "?"]
[Site "Berliner Sommer"]
[Date "1995.??.??"]
[Round "?"]
[White "Nizhegorodova, Marina"]
[Black "Shipov, Sergei"]
[Result "0-1"]
[WhiteElo "2085"]
[BlackElo "2510"]

1.d4 Nf6 2.Nf3 e6 3.g3 b6 4.Bg2 Bb7 5.O-O c5 6.c4 cxd4 7.Nxd4 Bxg2
8.Kxg2 Qc7 9.b3 Qb7+ 10.Kg1 a6 11.Nc3 Be7 12.Bb2 O-O 13.Qd3 Rc8
14.Rfd1 d6 15.Qf3 Nc6 16.Rac1 Rab8 17.Nxc6 Rxc6 18.Ne4 Ne8 19.Qd3 h6
20.Nd2 b5 21.e4 Nf6 22.f3 Rbc8 23.Kg2 Nd7 24.cxb5 axb5 25.Rxc6 Rxc6
26.Nf1 Ra6 27.a3 Bf6 28.Bxf6 Nxf6 29.b4 Nd7 30.Ne3 Ne5 31.Qc3 Qa7
32.Ra1 Rc6 33.Qd2 Qc7 34.Rd1 Rc3 35.f4 Ng4 36.Nxg4 Rc2 37.Kh3 Rxd2
38.Rxd2 h5 39.Nf2 Qc1 40.Ra2 Qf1+ 41.Kh4 g6 42.h3 Kg7 43.Rc2 Qg2
44.e5 dxe5 45.fxe5 g5+ 0-1

[Event "?"]
[Site "Berliner Sommer"]
[Date "1995.??.??"]
[Round "?"]
[White "Glienke, Manfred"]
[Black "Beshukov, Sergei"]
[Result "1/2-1/2"]
[WhiteElo "2345"]
[BlackElo "2500"]

1.d4 g6 2.Nf3 Bg7 3.Bf4 d6 4.h3 Nc6 5.e3 e5 6.Bh2 Nh6 7.dxe5 O-O
8.exd6 Bxb2 9.Nbd2 cxd6 10.Rb1 Bg7 11.Bd3 d5 12.O-O Qa5 13.Nb3 Qxa2
14.Nfd4 Nxd4 15.exd4 Qa4 16.Qf3 Be6 17.Bd6 Rfd8 18.Be7 Re8 19.Nc5 Qxd4
20.Nxe6 fxe6 21.Rxb7 Rab8 22.Rfb1 Rxb7 23.Rxb7 Nf5 24.Bb4 Qa1+ 25.Bf1 a5
26.Bd2 Rf8 27.Qd3 Bd4 28.Rb3 Nd6 29.Be3 Bxe3 30.Qxe3 Ne4 31.Ra3 Qf6
32.f3 Ng3 33.Bd3 Rb8 34.Qe1 Nh5 35.Qxa5 Nf4 36.Kh2 e5 37.Qa7 Re8
38.Ra6 Qf7 39.Qc5 Qe7 40.Qxe7 Rxe7 41.g3 Nxd3 42.cxd3 Kf7 43.Rd6 d4
44.f4 exf4 45.gxf4 Re2+ 46.Kg1 Re3 47.Rxd4 Rxh3 48.Kg2 Rh5 49.Kg3 Ke6
50.Kg4 Rh1 51.Rd8 Ke7 52.Rd5 Ra1 53.Kg3 Ra4 54.Kg4 h6 55.Kf3 Ra3
56.Kg4 Ke6 57.Rd8 Ra5 58.Rh8 h5+ 59.Kf3 Ra4 60.Rd8 Ke7 61.Rd5 Rb4
62.Kg3 Ke6 63.Rd8 Rb7 64.Rg8 Kf7 65.Rd8 Rb6 66.Kf3 Ke7 67.Rh8 Re6
68.Rg8 Kf7 69.Rd8 Re1 70.Rd6 Rf1+ 71.Kg3 Ke7 72.Rd5 Rg1+ 73.Kf2 Ra1
74.Kf3 Ra8 75.Rg5 Kf6 76.Rd5 Rh8 77.Kg3 Ke6 78.Re5+ Kf6 79.Rd5 1/2-1/2

[Event "?"]
[Site "Berliner Sommer"]
[Date "1995.??.??"]
[Round "?"]
[White "Mira, Helene"]
[Black "Schulz, Rainer"]
[Result "1-0"]
[WhiteElo "2070"]
[BlackElo "2265"]

1.d4 Nf6 2.c4 e6 3.Nc3 Bb4 4.e3 O-O 5.Bd3 b6 6.Nge2 Bb7 7.O-O d5
8.cxd5 exd5 9.Ng3 g6 10.a3 Bd6 11.Re1 Re8 12.f3 c5 13.dxc5 bxc5
14.Bb5 Nc6 15.Nxd5 Nxd5 16.Qxd5 Qc7 17.Qd2 Bxg3 18.hxg3 Qxg3 19.Qf2 Qe5
20.e4 Red8 21.Bxc6 Bxc6 22.Be3 Rab8 23.Re2 Bb5 24.Rc2 Ba4 25.Rxc5 Qxb2
26.Qxb2 Rxb2 27.Ra5 Bc2 28.Rxa7 Bb1 29.Bh6 g5 30.Bxg5 Rd1+ 31.Kh2 Rd6
32.Bf4 Rd8 33.a4 f5 34.Be5 Rb6 35.Rg7+ Kf8 36.Rxh7 Rd2 37.a5 Rg6 38.Rxb1 1-0

[Event "?"]
[Site "Berliner Sommer"]
[Date "1995.??.??"]
[Round "?"]
[White "Crouch, Colin S"]
[Black "Roellig Florian"]
[Result "1-0"]
[WhiteElo "2410"]
[BlackElo "1845"]

1.d4 Nf6 2.Nf3 g6 3.Nc3 Bg7 4.Bf4 d6 5.Qd2 O-O 6.Bh6 c5 7.Bxg7 Kxg7
8.O-O-O Qa5 9.e4 a6 10.e5 dxe5 11.dxe5 Ne8 12.h4 h5 13.Ng5 b5 14.Qd5 Ra7
15.Qxc5 Rc7 16.Qe3 b4 17.Rd5 Rxc3 18.Rxa5 Rxe3 19.fxe3 Nc7 20.Bc4 Bb7
21.Rc5 Bxg2 22.Rd1 Bc6 23.b3 Nb5 24.Bxf7 Rxf7 25.Nxf7 Kxf7 26.Rd8 1-0

[Event "?"]
[Site "Berliner Sommer"]
[Date "1995.??.??"]
[Round "?"]
[White "Mueller, Andrea"]
[Black "Wuttke Stefan"]
[Result "1-0"]
[WhiteElo "1920"]
[BlackElo "1433"]

1.Nf3 Nf6 2.Nc3 g6 3.e4 d6 4.d4 Bg7 5.Be3 O-O 6.h3 Nbd7 7.Qd2 e5
8.Bh6 exd4 9.Nxd4 Nc5 10.Bxg7 Kxg7 11.f3 Nh5 12.O-O-O Ng3 13.Rg1 Nxf1
14.Rdxf1 Bd7 15.f4 Qe8 16.f5 Nxe4 17.Nxe4 Qxe4 18.f6+ Kh8 19.Re1 Qd5
20.Re7 Qxa2 21.Qh6 Rg8 22.Nf3 Qa1+ 23.Kd2 Qa5+ 24.c3 Qd5+ 25.Ke1 Bf5
26.Ng5 1-0

[Event "?"]
[Site "Berliner Sommer"]
[Date "1995.??.??"]
[Round "?"]
[White "Welz, Peter Dr."]
[Black "Amiri, Babaei M."]
[Result "1-0"]
[WhiteElo "2285"]
[BlackElo "1785"]

1.e4 c5 2.Nc3 d6 3.g3 Nf6 4.Bg2 Nc6 5.Nge2 e5 6.d3 Be6 7.f4 exf4
8.gxf4 Nh5 9.Ng3 Nf6 10.f5 Bd7 11.O-O h5 12.Bg5 h4 13.Nge2 Rh5
14.Bxf6 Qxf6 15.Nd5 Qg5 16.Nef4 Rh8 17.Nh3 Qd8 18.c3 Ne7 19.d4 Nxd5
20.exd5 Qf6 21.dxc5 O-O-O 22.c6 bxc6 23.dxc6 Bxf5 24.Qb3 Re8 25.Qb7+ Kd8
26.c7+ 1-0

[Event "?"]
[Site "Berliner Sommer"]
[Date "1995.??.??"]
[Round "?"]
[White "Iordachescu, Viorel"]
[Black "Sawatzki, Frank"]
[Result "1-0"]
[WhiteElo "2435"]
[BlackElo "2245"]

1.e4 c5 2.Nf3 Nc6 3.d4 cxd4 4.Nxd4 Nf6 5.Nc3 e5 6.Ndb5 d6 7.Bg5 a6
8.Na3 b5 9.Nd5 Be7 10.Bxf6 Bxf6 11.c3 O-O 12.Nc2 Bg5 13.a4 bxa4
14.Rxa4 Rb8 15.h4 Bh6 16.Bxa6 Rxb2 17.Bxc8 Qxc8 18.Rc4 Qb8 19.O-O Na5
20.Rb4 Rxb4 21.cxb4 Nc6 22.Qd3 Qd8 23.g3 g6 24.b5 Nb8 25.Ncb4 Qa5
26.Nc6 Qa2 27.Nde7+ Kh8 28.Qxd6 Nxc6 29.bxc6 1-0

[Event "?"]
[Site "Berliner Sommer"]
[Date "1995.??.??"]
[Round "?"]
[White "Loginov, Valery A"]
[Black "Muse, Drazen"]
[Result "1-0"]
[WhiteElo "2525"]
[BlackElo "2325"]

1.Nf3 Nc6 2.d4 d5 3.g3 Bg4 4.Bg2 e6 5.O-O Be7 6.Nbd2 Nf6 7.c3 O-O
8.Re1 Rb8 9.e4 dxe4 10.Nxe4 e5 11.Nxf6+ Bxf6 12.d5 Ne7 13.h3 Bxf3
14.Qxf3 Re8 15.c4 b6 16.Rb1 a5 17.b4 axb4 18.Rxb4 Ng6 19.Rb3 Be7
20.h4 Bd6 21.h5 Nf8 22.Bh3 Ra8 23.a3 Nd7 24.Bxd7 Qxd7 25.h6 f5
26.hxg7 Qf7 27.g4 f4 28.Qe4 Qxg7 29.Rh3 Qxg4+ 1-0

[Event "?"]
[Site "Berliner Sommer"]
[Date "1995.??.??"]
[Round "?"]
[White "Nitsche Dirk"]
[Black "Kalinin, Michael"]
[Result "1-0"]
[WhiteElo "2125"]
[BlackElo "2250"]

1.d4 d6 2.e4 c6 3.c4 e5 4.Nf3 Qc7 5.Nc3 Nf6 6.Be2 Be7 7.O-O O-O 8.d5 g6
9.Ne1 Ne8 10.f4 exf4 11.Bxf4 Nf6 12.Nd3 cxd5 13.cxd5 Nbd7 14.Kh1 a6
15.Rc1 Qd8 16.Qd2 Ne8 17.Bf3 f6 18.Ne2 Ne5 19.Nd4 Nxf3 20.Rxf3 Ng7
21.Bh6 Rf7 22.Nf4 Bf8 23.Rfc3 Bd7 24.Nfe6 Qa5 25.Bxg7 Bxg7 26.Rc8+ 1-0

[Event "?"]
[Site "Berliner Sommer"]
[Date "1995.??.??"]
[Round "?"]
[White "Wagner, Dirk Dr."]
[Black "Heinrich, Thomas"]
[Result "0-1"]
[WhiteElo "1780"]
[BlackElo "2010"]

1.c4 Nf6 2.Nc3 d5 3.cxd5 Nxd5 4.g3 g6 5.Bg2 Nxc3 6.bxc3 Bg7 7.Rb1 c6
8.Nf3 O-O 9.O-O e5 10.d3 Nd7 11.Be3 Nb6 12.Qc2 Nd5 13.Bg5 f6 14.Bd2 Rf7
15.c4 Ne7 16.Rfd1 Qc7 17.Bc3 Be6 18.h3 Nc8 19.Nd2 Nd6 20.Ne4 Nxe4
21.Bxe4 Bxh3 22.d4 f5 23.Bg2 Bxg2 24.Kxg2 exd4 25.Bxd4 f4 26.Bxg7 Rxg7
27.gxf4 Qxf4 28.Qd2 Qxd2 29.Rxd2 Rf8 30.c5 Rgf7 31.f3 Re8 32.e4 Kg7
33.Rd4 Rfe7 34.Ra4 a6 35.Kg3 Rf7 36.Rc4 Re5 37.Kf2 Rh5 38.Kg3 Rg5+
39.Kf2 Re5 40.Ke3 Rh5 41.a4 Rh3 42.Rcb4 Rhxf3+ 43.Kd4 Rd7+ 44.Ke5 Rff7
45.Rd4 0-1

[Event "?"]
[Site "Berliner Sommer"]
[Date "1995.??.??"]
[Round "?"]
[White "Lochte, Szilvia"]
[Black "Stock, Juergen"]
[Result "1-0"]
[WhiteElo "2050"]
[BlackElo "1780"]

1.e4 c5 2.d4 cxd4 3.c3 Nf6 4.e5 Nd5 5.cxd4 e6 6.Nf3 Nc6 7.a3 d6 8.Be2 dxe5
9.dxe5 Qc7 10.O-O Bd7 11.Re1 Rd8 12.Nbd2 Nxe5 13.Nxe5 Qxe5 14.Bc4 Qd6
15.Ne4 Qe5 16.Bxd5 Bc8 17.Qa4+ Rd7 18.Ba2 b5 19.Qc2 Bb7 20.Bg5 Rc7
21.Qd2 Rd7 22.Qc3 Qf5 23.Rad1 Qxe4 24.Rxe4 Rxd1+ 25.Re1 Rd7 26.Qe5 1-0

[Event "?"]
[Site "Berliner Sommer"]
[Date "1995.??.??"]
[Round "?"]
[White "Schischke, Reinhard"]
[Black "Bunzmann Dimitrij"]
[Result "1-0"]
[WhiteElo "2335"]
[BlackElo "2185"]

1.e4 c5 2.Nf3 Nc6 3.d4 cxd4 4.Nxd4 e5 5.Ne2 Nf6 6.Nbc3 Bc5 7.Ng3 Qb6
8.Qd2 Ng4 9.Nd1 O-O 10.h3 Nf6 11.a3 Rd8 12.Nc3 Nd4 13.Bc4 Qc7 14.Nd5 Nxd5
15.Bxd5 d6 16.Nh5 Qe7 17.Nxg7 Kxg7 18.Qh6+ Kg8 19.Bg5 Qf8 20.Qf6 Nxc2+
21.Kd2 Nxa1 22.Bh6 Nb3+ 23.Bxb3 d5 24.Bxf8 dxe4+ 25.Qxd8 1-0